00718cam a2200217 a 450000100100000000500170001000800410002702000150006804000240008308200170010710000260012424500460015026000520019630000200024865000280026865000300029691000330032604900090035995201150036899900170048300001869520200929165835.0720413s1960 fr 000 p fre d a2020016656 aDO-SdBNPbfrcBNPHU a841.9bC421f1 aCesaire, Aime.94035410aFerrements :bpoemes /cAimé Césaire. aParís, (Francia) :bEditions du Seuil,c1960. a92 p. ;c19 cm. 4aPoesía francesa94916 4aLiteratura francesa91074 aCatalogación derivada / LC aBNGR 001050718MOaGRbGRcCTd2010-05-13iLF1l0o841.9 C421fp18695-10r2020-06-25w2020-06-25y1ZNo se presta c18215d18215